000
00253nam a22001097a 4500
082
_a
030 CHA'I
100
_a
INTERNATIONAL
_9
10232
245
_a
CHAMBER'S ENCYLOPEDIA VOLUME - V
260
_a
LONDON
_b
INTERNATIONAL
_c
1973
300
_a
832P
942
_c
BK
999
_c
583283
_d
583283